000 01041nam a2200277Ia 4500
003 GCL
008 140319s9999 xx 000 0 ara d
040 _aGCL /
_cGCL
082 0 4 _aق
_b327.962
_bع ع
100 1 _aعبدالفتاح عبدالصمد منصور
245 1 0 _aالعلاقات المصرية السودانية فى ظل الاتفاق الثنائى 1924-1899م /
_cعبدالفتاح عبدالصمد منصور
260 _a[S.N] :
_bالهيئة المصرية العامة للكتاب ،
_c1993
300 _a507 ص
490 _a
650 0 4 _aمصر
650 0 4 _aتاريخ
650 0 4 _aالاحوال السياسية
650 0 4 _aالسودان
650 0 4 _aالاحوال الاقتصادية
650 0 4 _aالعلاقات الخارجية
650 0 4 _aالعلاقات الاقتصادية
650 0 4 _aالاحتلال البريطانى
650 0 4 _aالمعونة الاقتصادية
650 0 4 _aمصر - تاريخ - العصر الحديث - ثورة 1919
942 _2ddc
_cBK
999 _c28898
_d28898